000 01170njm a22002657a 4500
005 20100901134337.0
008 100901t xxu||||| |||| 00| 0 hin d
028 _aN. 20149
_bHis Master's Voice
028 _aOMC. 23864
_bHis Master's Voice
028 _aOMC. 23866
_bHis Master's Voice
035 _aGR-184
040 _aSED/VEN
100 _aTalat Mahmood
_917903
245 _aPanchhi preet ki reet nibha -geet part 1 :
_bHindustani /
_cby Talat Mahmood ; music by Amar Singh ; lyric by Ehsan Mirithi
_h[sound recording]
246 _aपंछी प्रीत की रीत निभा -गीत (तलत महमूद )
260 _aDum Dum India
_bHis Master's Voice
300 _a1 sound disc [Gramophone record] :
_banalog 33 1/3 rpm
_c10 in.
_fGramophone Record
500 _aBrief Record
505 _aBahare zismo jan hai -gazal (बहारे जिस्मों जां है -ग़ज़ल ) पार्ट 2
650 _aClassical music
_xExcerpts
_zIndia
_917904
700 _aAmar Singh
_917905
700 _aMirithi, Ehsan
_917967
942 _2ddc
_cGR
999 _c43349
_d43349